[Event "Wiesbaden op 29th"]
[Site "Wiesbaden"]
[Date "2017.08.26"]
[Round "5"]
[White "Fernandez Garcia, Alfonso Javier"]
[Black "Armbrust, Matthias"]
[Result "0-1"]
[WhiteElo "1598"]
[BlackElo "1796"]
[PlyCount "60"]
[EventDate "2017.08.24"]
[EventType "swiss"]
[EventRounds "7"]
[EventCountry "GER"]
[SourceTitle "CBM 180 Extra"]
[Source "ChessBase"]
[SourceDate "2017.10.06"]
[SourceVersion "1"]
[SourceVersionDate "2017.10.06"]
[SourceQuality "1"]

1. e4 c5 2. Nf3 d6 3. d4 cxd4 4. Nxd4 Nf6 5. Nc3 Nc6 6. Bb5 Bd7 7. 0-0 g6 8. Nb3 Bg7 9. Re1 0-0 10. Rb1 a6 11. Bf1 Rc8 12. Bg5 b5 13. a3 Ne5 14. Nd2 h6 15. Bh4 Be6 16. a4 b4 17. Bxf6 bxc3 18. Bxg7 cxd2 19. Re3 Kxg7 20. h4 Qa5 21. b3 Rc6 22. Re2 Bg4 23. f3 Qc5+ 24. Kh1 Nxf3 25. gxf3 Bxf3+ 26. Bg2 Bxe2 27. Qxe2 Qxc2 28. Rf1 Qb2 29. Kh2 Rc1 30. Rf2 Qe5+ 0-1

[Event "Hofheim Spring op-B 4th"]
[Site "Hofheim"]
[Date "2016.04.01"]
[Round "6"]
[White "Fernandez Garcia, Alfonso Javier"]
[Black "Schellen, Sven"]
[Result "0-1"]
[WhiteElo "1614"]
[BlackElo "1822"]
[PlyCount "92"]
[EventDate "2016.03.30"]
[EventType "swiss"]
[EventRounds "9"]
[EventCountry "GER"]
[SourceTitle "EXT 2018"]
[Source "ChessBase"]
[SourceDate "2017.10.13"]
[SourceVersion "1"]
[SourceVersionDate "2017.10.13"]
[SourceQuality "1"]

1. e4 e5 2. Nf3 Nc6 3. Bb5 Nf6 4. d3 Bc5 5. c3 Qe7 6. 0-0 h6 7. Qe2 0-0 8. h3 Bb6 9. Be3 d5 10. Bxb6 dxe4 11. dxe4 axb6 12. Nbd2 Nh5 13. Qe3 Nf4 14. Rfe1 Rd8 15. Kh2 Be6 16. b3 Ra5 17. Bf1 Qd7 18. Nc4 Rc5 19. Ncxe5 Nxe5 20. Nxe5 Rxe5 21. Qxf4 Ra5 22. Qf3 Qd6+ 23. Kh1 Rda8 24. Qe2 Bxb3 25. Qb2 Be6 26. Rad1 Qe5 27. Qb4 Rxa2 28. Kg1 Qf4 29. Qd4 c5 30. Qe3 Qxe3 31. Rxe3 Rc2 32. Rb1 Raa2 33. Rf3 Rab2 34. Ra1 Rb3 35. Ra8+ Kh7 36. Rb8 Rc1 37. Rxb7 Rbb1 38. Kh2 Rxf1 39. Kg3 Rfe1 40. Kf4 f5 41. Ke5 Rxe4+ 42. Kd6 Rd1+ 43. Kc7 Rd7+ 44. Kxb6 Rxb7+ 45. Kxb7 Bd5+ 46. Kb6 Re6+ 0-1

[Event "Hofheim Spring op-B 3rd"]
[Site "Hofheim"]
[Date "2015.04.09"]
[Round "5"]
[White "Reinisch, Markus"]
[Black "Fernandez Garcia, Alfonso Javier"]
[Result "0-1"]
[WhiteElo "1703"]
[BlackElo "1605"]
[PlyCount "24"]
[EventDate "2015.04.07"]
[EventType "swiss"]
[EventRounds "9"]
[EventCountry "GER"]
[SourceTitle "CBM 166 Extra"]
[Source "ChessBase"]
[SourceDate "2015.06.18"]
[SourceVersion "1"]
[SourceVersionDate "2015.06.18"]
[SourceQuality "1"]

1. d4 Nf6 2. c4 g6 3. Nc3 Bg7 4. e4 d6 5. f3 0-0 6. Be3 e5 7. d5 c6 8. Qd2 cxd5 9. cxd5 a6 10. Bd3 Nbd7 11. Nge2 Nc5 12. a4 Nb3 0-1

[Event "Hofheim Spring op-B 2nd"]
[Site "Hofheim"]
[Date "2014.04.24"]
[Round "5"]
[White "Fernandez Garcia, Alfonso Javier"]
[Black "Wuestehube, Axel"]
[Result "0-1"]
[WhiteElo "1585"]
[BlackElo "1943"]
[PlyCount "84"]
[EventDate "2014.04.22"]
[EventType "swiss"]
[EventRounds "9"]
[EventCountry "GER"]
[SourceTitle "CBM 160 Extra"]
[Source "ChessBase"]
[SourceDate "2014.07.01"]
[SourceVersion "1"]
[SourceVersionDate "2014.07.01"]
[SourceQuality "1"]

1. e4 d6 2. d4 Nf6 3. Nc3 g6 4. Nf3 Bg7 5. Be2 0-0 6. 0-0 c6 7. Bg5 Qc7 8. Qd2 b5 9. a3 Nbd7 10. h3 Re8 11. Rfe1 a6 12. Bf1 e5 13. dxe5 dxe5 14. Rad1 Bb7 15. Qe3 Rad8 16. Nd2 Nf8 17. Nb3 Ne6 18. Bh6 c5 19. Bxg7 Kxg7 20. Nd2 Nd4 21. Rc1 Re7 22. Ne2 Red7 23. Ng3 c4 24. c3 Ne6 25. Nf3 Nc5 26. Be2 Nfxe4 27. Nxe4 Nxe4 28. Rcd1 f6 29. Rxd7+ Rxd7 30. Bd1 Qc5 31. Qe2 Ng3 32. Qc2 Be4 33. Qc1 Bd3 34. b4 cxb3 35. Bxb3 Ne2+ 36. Rxe2 Bxe2 37. Nd2 Bd3 38. Nf3 Rc7 39. Be6 Qxc3 40. Qe3 Qc1+ 41. Qxc1 Rxc1+ 42. Kh2 Ra1 0-1

[Event "Hofheim Spring op-B 2nd"]
[Site "Hofheim"]
[Date "2014.04.23"]
[Round "2"]
[White "Weber, Samuel"]
[Black "Fernandez Garcia, Alfonso Javier"]
[Result "1-0"]
[WhiteElo "1748"]
[BlackElo "1585"]
[PlyCount "121"]
[EventDate "2014.04.22"]
[EventType "swiss"]
[EventRounds "9"]
[EventCountry "GER"]
[SourceTitle "CBM 160 Extra"]
[Source "ChessBase"]
[SourceDate "2014.07.01"]
[SourceVersion "1"]
[SourceVersionDate "2014.07.01"]
[SourceQuality "1"]

1. e4 e6 2. d4 d5 3. Nc3 Bb4 4. e5 c5 5. Bd2 cxd4 6. Nb5 Be7 7. Nxd4 Bd7 8. f4 Nc6 9. c3 Nh6 10. Ngf3 Nf5 11. Nxf5 exf5 12. Be3 Be6 13. Nd4 Nxd4 14. cxd4 0-0 15. Qd2 Qb6 16. a3 Rac8 17. Bd3 Bd7 18. 0-0 g6 19. Qe2 Qb3 20. h3 a6 21. Rac1 Ba4 22. g4 fxg4 23. hxg4 Bd7 24. f5 Rxc1 25. Rxc1 Rd8 26. f6 Bf8 27. Rd1 Qb6 28. Kf2 Qe6 29. Kg3 h5 30. gxh5 Qh3+ 31. Kf2 Qh4+ 32. Kf1 Bg4 33. Qd2 Bxd1 34. Qxd1 gxh5 35. Be2 Qh1+ 36. Bg1 Qh3+ 37. Kf2 Qh4+ 38. Kf1 Qf4+ 39. Kg2 h4 40. Bh2 Qg5+ 41. Bg4 Bh6 42. Kh3 Qd2 43. Qxd2 Bxd2 44. Kxh4 Be3 45. e6 fxe6 46. Bxe6+ Kf8 47. Be5 Bc1 48. Bc7 Rd7 49. Bxd7 Kf7 50. Be5 Bxb2 51. a4 Ba3 52. Kg5 Bb4 53. Kf5 a5 54. Be6+ Ke8 55. f7+ Kf8 56. Kg6 Ke7 57. Bxd5 b5 58. axb5 Kd7 59. Bc6+ Ke6 60. Bg7 a4 61. f8Q 1-0